00362nam a2200145Ia 4500008004100000020001500041082001300056100002100069245003400090250000800124260002800132300001600160500002400176650001600200230524s9999 xx 000 0 und d a8173192693 a515bGAL aJoseph A.Galliar 0aContemporary Abstract Algebra a4TH aNEW DELHIbNarosac1999 aXII;583+A55 aQuantity Number: 2 aMathematics